000 00684nam a2200241 a 4500
008
020 _a8170003938 (hbk.)
049 _aMAIN
090 _aLB1028.5ALI
100 1 _aAli, Amjad.
245 1 0 _aLearning in the information age /
_cAmjad Ali.
260 _aNew Dehli :
_bEss Ess Publications,
_c2004.
300 _a294 ;
_c23 cm.
504 _aIncludes bibliographical references.
500 _aIncludes index.
650 _aEducational technology
650 _aMulti media in education
907 _a.b10201890
_b09-10-06
_c09-05-06
003
005 20230123134213.0
040 _cNUST
942 _cBOOKS
_kLB1028.5ALI
999 _c161838
_d161838